[Event "LSS RN-2023-0-01619"]
[White "Brough, Carl"]
[Black "Lorient, Carbec"]
[Site "LSS email"]
[Round "?"]
[Result "0-1"]
[Date "2023.02.22"]
[WhiteElo "801"]
[BlackElo "800"]
[PlyCount "54"]
[EventDate "2022.08.09"]
[EventType "tourn (corr)"]
[EventRounds "6"]
[EventCountry "GER"]
[SourceTitle "Corr 2024"]
[Source "ChessBase"]
[SourceDate "2023.10.19"]
[SourceVersion "1"]
[SourceVersionDate "2023.10.19"]
[SourceQuality "1"]

1. d4 Nf6 2. c4 g6 3. Nc3 d5 4. h3 Bg7 5. Nf3 0-0 6. Bg5 Ne4 7. Nxe4 dxe4 8. Ne5 f6 9. Nxg6 hxg6 10. Bf4 f5 11. e3 c5 12. Be2 Qa5+ 13. Kf1 cxd4 14. exd4 Nc6 15. Bd2 Qb6 16. c5 Qxb2 17. Bc4+ Kh8 18. Rb1 Qxd4 19. Bb3 Qd3+ 20. Kg1 Rd8 21. Bf7 Qxd2 22. Bxg6 Qxd1+ 23. Kh2 Be5+ 24. g3 Bxg3+ 25. Kxg3 Qf3+ 26. Kh4 Qf4+ 27. Kh5 Kg7 0-1

[Event "LSS RN-2022-0-01615"]
[White "Brough, Carl"]
[Black "Molina, Vicente Andres"]
[Site "LSS email"]
[Round "?"]
[Result "0-1"]
[Date "2022.08.03"]
[WhiteElo "816"]
[BlackElo "775"]
[PlyCount "70"]
[EventDate "2022.04.21"]
[EventType "tourn (corr)"]
[EventRounds "6"]
[EventCountry "GER"]
[SourceTitle "Corr 2024"]
[Source "ChessBase"]
[SourceDate "2023.10.19"]
[SourceVersion "1"]
[SourceVersionDate "2023.10.19"]
[SourceQuality "1"]

1. d4 d5 2. c4 c6 3. c5 Nf6 4. Bf4 g6 5. Nf3 Bg7 6. e3 0-0 7. Bd3 Nbd7 8. 0-0 Nh5 9. Nc3 Nxf4 10. exf4 Nf6 11. Ng5 h6 12. Nf3 Bg4 13. h3 Bf5 14. Bxf5 gxf5 15. Nh4 e6 16. Ne2 Ne4 17. Ng3 Qxh4 18. Qd3 Qxf4 19. Nh5 Qg5 20. Nxg7 Kxg7 21. Rfe1 Rg8 22. Re2 Kf6 23. f3 Ng3 24. Rf2 Nh5 25. Qe2 Kg6 26. f4 Qf6 27. Rd1 Kh7 28. Qxh5 Qg6 29. Qe2 b6 30. b4 bxc5 31. bxc5 Rgb8 32. Qe5 Rb7 33. Rff1 Rab8 34. Kh2 Rb2 35. Rg1 Rg8 0-1

[Event "LSS RN-2022-0-01611"]
[White "Brough, Carl"]
[Black "Martin, Hector"]
[Site "LSS email"]
[Round "?"]
[Result "0-1"]
[Date "2022.04.15"]
[WhiteElo "828"]
[BlackElo "840"]
[PlyCount "84"]
[EventDate "2021.12.07"]
[EventType "tourn (corr)"]
[EventRounds "6"]
[EventCountry "GER"]
[SourceTitle "Corr 2024"]
[Source "ChessBase"]
[SourceDate "2023.10.19"]
[SourceVersion "1"]
[SourceVersionDate "2023.10.19"]
[SourceQuality "1"]

1. d4 Nf6 2. c4 e6 3. a3 d5 4. Bg5 g6 5. c5 Bg7 6. Nf3 0-0 7. Ne5 Nc6 8. e3 Qe8 9. Bb5 Bd7 10. 0-0 a6 11. Be2 Ne4 12. Bf4 Nxe5 13. Bxe5 Bxe5 14. dxe5 Nxc5 15. Nd2 Bb5 16. Bxb5 Qxb5 17. b4 Nd3 18. Qc2 Nxe5 19. Qxc7 Nc4 20. Nb3 Rac8 21. Qf4 Qa4 22. Nc5 Qc6 23. Rac1 Qc7 24. Qf6 a5 25. Nd3 a4 26. Ne5 Qxe5 27. Qe7 Rc7 28. Qh4 Rfc8 29. Rce1 Nd2 30. f4 Qb2 31. Qf2 Rc1 32. h3 Rxe1 33. Rxe1 Rc1 34. Rxc1 Qxc1+ 35. Kh2 Nc4 36. f5 Qxe3 37. Qh4 Qe5+ 38. Kh1 Qxf5 39. Qg3 e5 40. Qc3 e4 41. b5 e3 42. Qe1 Qf2 0-1

[Event "LSS RN-2022-0-01611"]
[White "Brough, Carl"]
[Black "Molina, Vicente Andres"]
[Site "LSS email"]
[Round "?"]
[Result "0-1"]
[Date "2022.04.15"]
[WhiteElo "828"]
[BlackElo "778"]
[PlyCount "58"]
[EventDate "2021.12.07"]
[EventType "tourn (corr)"]
[EventRounds "6"]
[EventCountry "GER"]
[SourceTitle "Corr 2024"]
[Source "ChessBase"]
[SourceDate "2023.10.19"]
[SourceVersion "1"]
[SourceVersionDate "2023.10.19"]
[SourceQuality "1"]

1. d4 Nf6 2. c4 e6 3. a3 d5 4. Bg5 Be7 5. Nf3 Nbd7 6. e3 0-0 7. Bd3 c5 8. 0-0 dxc4 9. Bxc4 b6 10. Nc3 cxd4 11. Nxd4 Bb7 12. b4 Rc8 13. Qb3 Re8 14. Nf5 Bf8 15. Rad1 Qc7 16. Bf4 Qxc4 17. Qc2 exf5 18. Rd2 Be4 19. Qb2 Qxc3 20. Qxc3 Rxc3 21. h3 Rxa3 22. f3 Bd3 23. Rc1 Bxb4 24. Rf2 a5 25. Bg5 Bb5 26. Bf4 Bc5 27. Re1 Nd5 28. Kh2 Nxf4 29. Kg3 Nd3 0-1

[Event "LSS RN-2021-0-01606"]
[White "Brough, Carl"]
[Black "Aysenov, Murat"]
[Site "LSS email"]
[Round "?"]
[Result "0-1"]
[Date "2021.11.18"]
[WhiteElo "801"]
[BlackElo "800"]
[PlyCount "72"]
[EventDate "2021.01.22"]
[EventType "tourn (corr)"]
[EventRounds "6"]
[EventCountry "GER"]
[SourceTitle "Corr 2024"]
[Source "ChessBase"]
[SourceDate "2023.10.19"]
[SourceVersion "1"]
[SourceVersionDate "2023.10.19"]
[SourceQuality "1"]

1. d4 d5 2. c4 c6 3. Nc3 Nf6 4. h3 e6 5. Nf3 dxc4 6. a3 a6 7. Bf4 b5 8. e4 Bb7 9. e5 Nd5 10. Bg3 Qa5 11. Be2 Nxc3 12. bxc3 Qxc3+ 13. Nd2 Qxd4 14. 0-0 c5 15. Nf3 Qxd1 16. Raxd1 c3 17. Bd3 c4 18. Bc2 Bxa3 19. Bh4 Be7 20. Bxe7 Kxe7 21. Nd4 b4 22. Ne2 a5 23. Rd6 Nd7 24. f4 Bd5 25. Ba4 Nc5 26. Bc6 Bxc6 27. Rxc6 Rhc8 28. Rd6 Nd3 29. Nd4 b3 30. Nc6+ Rxc6 31. Rxc6 c2 32. Rxc4 a4 33. Rc7+ Ke8 34. Kh2 c1Q 35. Rfxc1 Nxc1 36. Rxc1 b2 0-1

[Event "LSS RN-2021-0-01606"]
[White "Plastinin, Alexandr"]
[Black "Brough, Carl"]
[Site "LSS email"]
[Round "?"]
[Result "1-0"]
[Date "2021.11.05"]
[WhiteElo "831"]
[BlackElo "801"]
[PlyCount "95"]
[EventDate "2021.01.22"]
[EventType "tourn (corr)"]
[EventRounds "6"]
[EventCountry "GER"]
[SourceTitle "Corr 2024"]
[Source "ChessBase"]
[SourceDate "2023.10.19"]
[SourceVersion "1"]
[SourceVersionDate "2023.10.19"]
[SourceQuality "1"]

1. e4 e5 2. Nf3 Nc6 3. Bc4 h6 4. 0-0 Bc5 5. c3 Nf6 6. d3 0-0 7. b4 Be7 8. Re1 a6 9. h3 b5 10. Bb3 Bb7 11. Be3 d5 12. exd5 Nxd5 13. Qd2 Nf6 14. Bxh6 Nh5 15. Be3 Nf4 16. Bxf4 exf4 17. Qxf4 Bf6 18. d4 Ne7 19. Nbd2 Ng6 20. Qg4 Qd6 21. Qxg6 Bd5 22. Bxd5 Qxd5 23. Qe4 Qd6 24. a4 Rae8 25. Qd3 bxa4 26. Rxa4 Rxe1+ 27. Nxe1 Re8 28. Nef3 Qf4 29. Rxa6 Rb8 30. g3 Qh6 31. Kg2 Rc8 32. Ne4 c6 33. Ne5 Bxe5 34. dxe5 Qh5 35. Qd7 Rf8 36. Rxc6 Qxe5 37. Qd4 Qb5 38. Rc5 Qb7 39. Kh2 Qe7 40. b5 Rd8 41. Rd5 Ra8 42. Rd7 Qa3 43. b6 Qb2 44. b7 Rf8 45. Rd8 Qxb7 46. Rxf8+ Kh7 47. Ng5+ Kg6 48. Rxf7 1-0

[Event "LSS RN-2021-0-01604"]
[White "Brough, Carl"]
[Black "Borchardt, Petra"]
[Site "LSS email"]
[Round "?"]
[Result "0-1"]
[Date "2021.08.08"]
[WhiteElo "761"]
[BlackElo "800"]
[PlyCount "66"]
[EventDate "2020.12.10"]
[EventType "tourn (corr)"]
[EventRounds "6"]
[EventCountry "GER"]
[SourceTitle "Corr 2024"]
[Source "ChessBase"]
[SourceDate "2023.10.19"]
[SourceVersion "1"]
[SourceVersionDate "2023.10.19"]
[SourceQuality "1"]

1. d4 Nf6 2. c4 e6 3. a3 d5 4. Nc3 dxc4 5. e4 e5 6. d5 b5 7. Bg5 a6 8. Nf3 Nbd7 9. Be2 Bd6 10. 0-0 Nc5 11. h3 h6 12. Bh4 0-0 13. Nh2 g5 14. Bg3 Nfxe4 15. Bh5 Nxc3 16. bxc3 f5 17. Ra2 f4 18. Ng4 Bxg4 19. Qxg4 fxg3 20. Qxg3 Qe7 21. Qe3 Rf6 22. Bg4 Raf8 23. Re2 Nd3 24. Be6+ Kg7 25. Qg3 e4 26. Qe3 Nxf2 27. Rexf2 Bc5 28. Qe2 Qd6 29. Kh1 Rxf2 30. Rxf2 Rxf2 31. Qd1 Qg3 32. Qg1 Bd6 33. Bg4 Rf1 0-1

[Event "LSS No Engine Cup 218 Preliminary 0"]
[White "Navarro, Roberto"]
[Black "Brough, Carl"]
[Site "LSS email"]
[Round "?"]
[Result "1-0"]
[Date "2021.06.07"]
[WhiteElo "1294"]
[BlackElo "955"]
[PlyCount "49"]
[EventDate "2021.06.07"]
[EventType "tourn (corr)"]
[EventRounds "6"]
[EventCountry "GER"]
[SourceTitle "Corr 2024"]
[Source "ChessBase"]
[SourceDate "2023.10.19"]
[SourceVersion "1"]
[SourceVersionDate "2023.10.19"]
[SourceQuality "1"]

1. e4 e5 2. Nf3 Nc6 3. Bb5 Bc5 4. c3 Nf6 5. d4 Bb6 6. Nxe5 Nxe4 7. Qf3 Nf6 8. 0-0 Qe7 9. Re1 a6 10. Nd3 Qxe1+ 11. Nxe1 0-0 12. Bd3 d5 13. Bg5 Be6 14. Bxf6 gxf6 15. Qxf6 Rad8 16. Qh6 f5 17. Qxe6+ Rf7 18. Nf3 Rd6 19. Qe8+ Rf8 20. Qh5 Ne7 21. Nbd2 Rff6 22. Qe8+ Rf8 23. Qxe7 Rdf6 24. Ng5 Rh6 25. Ne6 1-0

[Event "LSS No Engine Cup 207 Preliminary 0"]
[White "Brough, Carl"]
[Black "Cruz Ramirez, Eliecer"]
[Site "LSS email"]
[Round "?"]
[Result "0-1"]
[Date "2020.09.16"]
[WhiteElo "932"]
[BlackElo "1600"]
[PlyCount "66"]
[EventDate "2020.09.16"]
[EventType "tourn (corr)"]
[EventRounds "6"]
[EventCountry "GER"]
[SourceTitle "Corr 2022"]
[Source "ChessBase"]
[SourceDate "2021.10.24"]
[SourceVersion "1"]
[SourceVersionDate "2021.10.24"]
[SourceQuality "1"]

1. d4 d5 2. c4 e6 3. Nf3 Nf6 4. a3 c5 5. Bg5 cxd4 6. Nxd4 dxc4 7. Nc3 Nc6 8. e3 Nxd4 9. exd4 Qc7 10. Bxf6 gxf6 11. Be2 Bd7 12. 0-0 f5 13. Bh5 Bc6 14. Qe2 0-0-0 15. Rad1 Kb8 16. Bf3 Bxf3 17. Qxf3 Bd6 18. Qh5 Qd7 19. Qe2 Rc8 20. Qe3 h5 21. Rd2 h4 22. Qf3 Rcg8 23. h3 Rg6 24. Kh1 Rhg8 25. Rg1 Bc7 26. Ne2 e5 27. Qc3 e4 28. d5 Qd6 29. g3 hxg3 30. fxg3 f4 31. g4 Rh6 32. Nd4 f3 33. Qc2 Rxh3+ 0-1

[Event "LSS No Engine Cup 207 Preliminary 0"]
[White "Brough, Carl"]
[Black "Obrien, Glenn"]
[Site "LSS email"]
[Round "?"]
[Result "0-1"]
[Date "2020.09.16"]
[WhiteElo "932"]
[BlackElo "1691"]
[PlyCount "34"]
[EventDate "2020.09.16"]
[EventType "tourn (corr)"]
[EventRounds "6"]
[EventCountry "GER"]
[SourceTitle "Corr 2022"]
[Source "ChessBase"]
[SourceDate "2021.10.24"]
[SourceVersion "1"]
[SourceVersionDate "2021.10.24"]
[SourceQuality "1"]

1. d4 Nf6 2. c4 e6 3. a3 d5 4. c5 b6 5. b4 a5 6. Bd2 axb4 7. Bxb4 Na6 8. Nf3 Nxb4 9. cxb6 cxb6 10. Nc3 Ne4 11. Nxe4 dxe4 12. axb4 Bxb4+ 13. Nd2 Bxd2+ 14. Kxd2 Qxd4+ 15. Kc2 Qxa1 16. Qb1 Ra2+ 17. Kc1 Qc3+ 0-1

[Event "LSS No Engine Cup 207 Preliminary 0"]
[White "Sheers, Matthew"]
[Black "Brough, Carl"]
[Site "LSS email"]
[Round "?"]
[Result "1-0"]
[Date "2020.09.16"]
[WhiteElo "2208"]
[BlackElo "932"]
[PlyCount "65"]
[EventDate "2020.09.16"]
[EventType "tourn (corr)"]
[EventRounds "6"]
[EventCountry "GER"]
[SourceTitle "Corr 2022"]
[Source "ChessBase"]
[SourceDate "2021.10.24"]
[SourceVersion "1"]
[SourceVersionDate "2021.10.24"]
[SourceQuality "1"]

1. d4 d5 2. Nf3 Nc6 3. e3 Bg4 4. Bb5 e6 5. Nbd2 Bb4 6. c3 Bd6 7. h3 Bxf3 8. Nxf3 Nf6 9. c4 dxc4 10. 0-0 0-0 11. Bxc4 Ne4 12. Qc2 Ng5 13. Ne1 Qf6 14. f4 Nxh3+ 15. gxh3 Qh4 16. Kh2 Ne7 17. e4 Ng6 18. e5 Bb4 19. Ng2 Qe7 20. f5 exf5 21. Rxf5 Qd7 22. Be3 b5 23. Bb3 Rab8 24. Raf1 c6 25. Rxf7 Rxf7 26. Rxf7 Qxf7 27. Bxf7+ Kxf7 28. Qb3+ Ke8 29. Qxb4 Rb7 30. Qd6 Rd7 31. Qxc6 Ne7 32. Qxb5 h6 33. e6 1-0

[Event "RN-2019-0-01586"]
[White "Brough, Carl"]
[Black "Simmons, Ernest"]
[Site "LSS email"]
[Round "?"]
[Result "1-0"]
[Date "2019.12.21"]
[WhiteElo "722"]
[BlackElo "495"]
[PlyCount "37"]
[EventDate "2019.11.28"]
[EventType "tourn (corr)"]
[EventRounds "6"]
[EventCountry "GER"]
[SourceTitle "Corr 2022"]
[Source "ChessBase"]
[SourceDate "2021.10.24"]
[SourceVersion "1"]
[SourceVersionDate "2021.10.24"]
[SourceQuality "1"]

1. d4 d5 2. c4 c6 3. Nc3 h6 4. Nf3 e6 5. c5 Nf6 6. Ne5 Nbd7 7. Bf4 Be7 8. e3 0-0 9. Bd3 Nh5 10. Qxh5 Nf6 11. Qf3 a6 12. 0-0 Qa5 13. Ne2 Qd8 14. Ng3 Ra7 15. Nh5 g5 16. Nxf6+ Bxf6 17. Bxg5 hxg5 18. Qh5 Bg7 19. Qh7# 1-0

[Event "RN-2019-0-01586"]
[White "Heiser, Jerome"]
[Black "Brough, Carl"]
[Site "LSS email"]
[Round "?"]
[Result "1-0"]
[Date "2019.12.20"]
[WhiteElo "548"]
[BlackElo "722"]
[PlyCount "107"]
[EventDate "2019.11.28"]
[EventType "tourn (corr)"]
[EventRounds "6"]
[EventCountry "GER"]
[SourceTitle "Corr 2022"]
[Source "ChessBase"]
[SourceDate "2021.10.24"]
[SourceVersion "1"]
[SourceVersionDate "2021.10.24"]
[SourceQuality "1"]

1. e4 e5 2. Nf3 Nc6 3. d4 d6 4. Bb5 Bg4 5. Bxc6+ bxc6 6. h3 Bh5 7. 0-0 Be7 8. Nc3 Nf6 9. dxe5 Bxf3 10. Qxf3 dxe5 11. Ne2 h6 12. b3 0-0 13. a4 a5 14. Bb2 Bd6 15. Rad1 Qe7 16. Ng3 Qe6 17. Qf5 Qxf5 18. exf5 Rae8 19. Rfe1 c5 20. c4 Nd7 21. Ne4 Nb6 22. Nxd6 cxd6 23. Rxd6 Nc8 24. Rd5 e4 25. Rxc5 f6 26. Rxa5 Rf7 27. Ba3 Rd7 28. Rd5 Rb7 29. Rd4 Rxb3 30. Bc5 Nb6 31. Rdxe4 Rxe4 32. Rxe4 Nxa4 33. Be3 Kf7 34. g4 Nc3 35. Re6 Nd1 36. c5 Rc3 37. c6 Nxe3 38. fxe3 Rc2 39. e4 Rc5 40. Kg2 g6 41. Kg3 Rc3+ 42. Kg2 gxf5 43. exf5 Rc4 44. Kf2 Kg7 45. Kg2 Kf7 46. Kf3 Kf8 47. Rxf6+ Ke7 48. Rxh6 Kd8 49. h4 Kc7 50. h5 Rd4 51. Rg6 Rd8 52. h6 Rf8 53. h7 Rh8 54. Rh6 1-0

[Event "RN-2019-0-01586"]
[White "Venturas, Bob"]
[Black "Brough, Carl"]
[Site "LSS email"]
[Round "?"]
[Result "1-0"]
[Date "2019.12.19"]
[WhiteElo "599"]
[BlackElo "722"]
[PlyCount "59"]
[EventDate "2019.11.28"]
[EventType "tourn (corr)"]
[EventRounds "6"]
[EventCountry "GER"]
[SourceTitle "Corr 2022"]
[Source "ChessBase"]
[SourceDate "2021.10.24"]
[SourceVersion "1"]
[SourceVersionDate "2021.10.24"]
[SourceQuality "1"]

1. e4 e5 2. Nf3 Nc6 3. h3 Nf6 4. Nc3 Bc5 5. Bc4 h6 6. d3 0-0 7. 0-0 d6 8. a3 Bd7 9. Qe2 Nd4 10. Qd1 a6 11. Be3 b5 12. Ba2 c6 13. Nh2 Be6 14. Ne2 Bxa2 15. Rxa2 Bb6 16. c3 Nxe2+ 17. Qxe2 c5 18. Raa1 Qd7 19. f4 Bd8 20. f5 Qc6 21. Rac1 a5 22. b3 Bb6 23. Kh1 Rfe8 24. Ng4 a4 25. b4 Qc7 26. Nxf6+ gxf6 27. Bxh6 Kh7 28. Qh5 Rh8 29. Rf3 Rag8 30. Bf8# 1-0

[Event "LSS No Engine Cup 195 Preliminary 0"]
[White "Brough, Carl"]
[Black "Etchepareborda, Juan"]
[Site "LSS email"]
[Round "?"]
[Result "0-1"]
[Date "2019.11.12"]
[WhiteElo "933"]
[BlackElo "1420"]
[PlyCount "66"]
[EventDate "2019.11.13"]
[EventType "tourn (corr)"]
[EventRounds "6"]
[EventCountry "GER"]
[SourceTitle "Corr 2022"]
[Source "ChessBase"]
[SourceDate "2021.10.24"]
[SourceVersion "1"]
[SourceVersionDate "2021.10.24"]
[SourceQuality "1"]

1. d4 Nf6 2. c4 e6 3. a3 b6 4. Nc3 Bb7 5. Bf4 Nc6 6. Nb5 d6 7. d5 exd5 8. cxd5 Ne5 9. e4 a6 10. Nc3 c5 11. Nf3 Ng6 12. Bg5 Be7 13. Bd3 0-0 14. 0-0 Nxd5 15. Bxe7 Ndxe7 16. Qd2 d5 17. e5 d4 18. Ne2 Bxf3 19. gxf3 Nxe5 20. Be4 f5 21. Bxa8 Qxa8 22. Qf4 N7g6 23. Qg3 f4 24. Qh3 Nxf3+ 25. Kh1 Ng5+ 26. Qg2 Qxg2+ 27. Kxg2 f3+ 28. Kg3 Ne4+ 29. Kh3 fxe2 30. Rg1 Rf3+ 31. Kg4 Ne5+ 32. Kh4 Rf6 33. Rg3 Rh6# 0-1

[Event "LSS No Engine Cup 195 Preliminary 0"]
[White "Sofia, Gerardo"]
[Black "Brough, Carl"]
[Site "LSS email"]
[Round "?"]
[Result "1-0"]
[Date "2019.11.12"]
[WhiteElo "1965"]
[BlackElo "933"]
[PlyCount "43"]
[EventDate "2019.11.13"]
[EventType "tourn (corr)"]
[EventRounds "6"]
[EventCountry "GER"]
[SourceTitle "Corr 2022"]
[Source "ChessBase"]
[SourceDate "2021.10.24"]
[SourceVersion "1"]
[SourceVersionDate "2021.10.24"]
[SourceQuality "1"]

1. e4 e5 2. Nf3 Nc6 3. Bc4 h6 4. d4 exd4 5. 0-0 Bc5 6. c3 Nf6 7. cxd4 Bb6 8. e5 Ne4 9. d5 Nxf2 10. Rxf2 Bxf2+ 11. Kxf2 Ne7 12. d6 cxd6 13. exd6 Ng6 14. Qe2+ Kf8 15. Be3 Qf6 16. Nc3 a6 17. Bd4 Qxd6 18. Re1 Ne7 19. Qe3 b6 20. Nd5 Bb7 21. Nxe7 Re8 22. Ng6+ 1-0

[Event "RN-2019-0-01571"]
[White "Heiser, Jerome"]
[Black "Brough, Carl"]
[Site "LSS email"]
[Round "?"]
[Result "1-0"]
[Date "2019.10.18"]
[WhiteElo "590"]
[BlackElo "679"]
[PlyCount "109"]
[EventDate "2019.10.01"]
[EventType "tourn (corr)"]
[EventRounds "6"]
[EventCountry "GER"]
[SourceTitle "Corr 2022"]
[Source "ChessBase"]
[SourceDate "2021.10.24"]
[SourceVersion "1"]
[SourceVersionDate "2021.10.24"]
[SourceQuality "1"]

1. e4 e5 2. Nf3 Nc6 3. d4 exd4 4. Nxd4 Nxd4 5. Qxd4 Qe7 6. Nc3 c5 7. Qc4 d6 8. Be3 g6 9. Nd5 Qd7 10. Rd1 Bg7 11. c3 Ne7 12. Be2 0-0 13. 0-0 b5 14. Qb3 c4 15. Nxe7+ Qxe7 16. Qxb5 Qxe4 17. Qxc4 Qf5 18. Rxd6 Be6 19. Qf4 Be5 20. Qxf5 Bxf5 21. Rd5 Bf6 22. Bd4 Bg7 23. Bxg7 Kxg7 24. h3 Rab8 25. b4 Be6 26. Rd2 Rbc8 27. Rc1 Rfd8 28. Rxd8 Rxd8 29. a4 Rd2 30. Bg4 Bb3 31. a5 Rb2 32. Bd1 Bc4 33. g4 f6 34. Kg2 a6 35. Kg3 g5 36. Rc2 Rb3 37. h4 Kg6 38. h5+ Kg7 39. f4 Rb1 40. Be2 Bb3 41. Rd2 Rh1 42. Rd7+ Kg8 43. Rd6 gxf4+ 44. Kxf4 Kg7 45. Bxa6 Re1 46. Bc8 Rf1+ 47. Kg3 h6 48. a6 Bd1 49. a7 Bf3 50. Rd7+ Kf8 51. Bb7 Bxb7 52. Rxb7 Ra1 53. b5 Ke8 54. b6 Rxa7 55. Rxa7 1-0

[Event "RN-2019-0-01571"]
[White "Brough, Carl"]
[Black "Venturas, Bob"]
[Site "LSS email"]
[Round "?"]
[Result "1-0"]
[Date "2019.10.17"]
[WhiteElo "679"]
[BlackElo "487"]
[PlyCount "85"]
[EventDate "2019.10.01"]
[EventType "tourn (corr)"]
[EventRounds "6"]
[EventCountry "GER"]
[SourceTitle "Corr 2022"]
[Source "ChessBase"]
[SourceDate "2021.10.24"]
[SourceVersion "1"]
[SourceVersionDate "2021.10.24"]
[SourceQuality "1"]

1. d4 d5 2. c4 Nc6 3. c5 Bf5 4. a3 a6 5. Bf4 h6 6. e3 Nf6 7. Be2 e6 8. Nf3 Be7 9. 0-0 0-0 10. h3 b6 11. b4 bxc5 12. bxc5 Be4 13. Nc3 Bh7 14. Ne5 Nxe5 15. dxe5 Nd7 16. c6 Nb6 17. Qd4 a5 18. Rfd1 Qe8 19. Bb5 f6 20. exf6 Bxf6 21. Be5 Qe7 22. f4 Bc2 23. Rd2 Bh7 24. Rf2 Kh8 25. Rf3 Nc8 26. Ba4 Nb6 27. Bb5 Bxe5 28. Qxe5 Rad8 29. Raf1 d4 30. exd4 Qxa3 31. Nd5 Qd6 32. Qxd6 Rxd6 33. Nxc7 Bg8 34. Na6 Rxd4 35. c7 Nc8 36. Nc5 Rf5 37. Rc1 Rdxf4 38. Bd7 Rxf3 39. gxf3 Rxf3 40. Bxc8 Rf5 41. Bxe6 Bxe6 42. Nxe6 a4 43. c8Q+ 1-0